[Event "EYCC Open-U18 2019"]
[Site "Bratislava"]
[Date "2019.08.09"]
[Round "8.38"]
[White "Omorjan, Dejan"]
[Black "Varga, Lukas"]
[Result "1-0"]
[WhiteElo "2317"]
[BlackElo "2046"]
[Annotator "TA"]
[PlyCount "69"]
[EventDate "2019.08.02"]
[EventType "swiss"]
[EventCountry "SVK"]
[SourceTitle "playchess.com"]
[Source "ChessBase"]
[SourceQuality "1"]

{[%evp 17,77,8,29,69,50,0,130,129,127,119,112,118,113,20,29,43,104,107,95,104,116,95,126,125,125,132,127,132,137,127,283,282,304,216,202,215,206,198,175,0,217,0,189,185,191,176,372,372,402,397,566,566,560,552,546,544,698,706,703,671,816,589]} 1. d4 Nf6 2. c4 g6 3. Nc3 Bg7 4. e4 d6 5. Nf3 O-O 6. Be2 e5 7. Be3 Ng4 8. Bg5 f6 9. Bc1 f5 10. exf5 {E92: King's Indian: Classical: 6 Be2 e5: 7 dxe5, 7 Be3 and Petrosian System without 7...Nbd7} (10. h3 Nxf2 11. Kxf2 fxe4 12. Nxe4 Qh4+ 13. Kg1 Qxe4 14. d5 Bf5 15. Kh2 Na6 16. Rf1 Qc2 17. Qxc2 Bxc2 {½-½ (35) Ivanchuk,V (2752)-Bologan,V (2700) Edmonton 2005}) 10... exd4 11. Nd5 (11. Nxd4 Nxf2 12. Kxf2 Qh4+ 13. g3 Qxd4+ 14. Qxd4 Bxd4+ 15. Kg2 Rxf5 $17) (11. Bg5 $5 {[%cal Rg5d8]} Qe8 12. Nd5 $11) 11... c6 $146 (11... Rxf5 $11 12. h3 Ne5 13. Nxd4 Rf7) ({Predecessor:} 11... Bxf5 12. h3 d3 13. hxg4 dxe2 14. Qb3 Be6 15. Ng5 Bxd5 16. cxd5 Qf6 17. f4 Nd7 {0-1 (30) Damljanovic,B (2545)-Miljanic,B (2431) Herceg Novi 2002}) 12. Bg5 $16 {White is better.} Nf6 13. Nxf6+ Bxf6 14. Bxf6 Qxf6 15. Qxd4 (15. fxg6 $1 $16 c5 16. gxh7+ Kh8 17. O-O) 15... Qxd4 16. Nxd4 gxf5 (16... Bxf5 $14 17. O-O-O Na6) 17. O-O-O Na6 18. Rhe1 Nc5 19. Bf3 a5 {[#]} 20. Nb3 $1 Ne4 21. Bxe4 fxe4 22. Rxd6 (22. Rxe4 $6 Rxf2 23. Re8+ (23. Rxd6 Bf5 $11) 23... Kf7 $11) 22... Rxf2 23. Rd8+ (23. Rxe4 $6 Bf5 $11) 23... Kf7 $2 (23... Rf8 $16 {is a better defense.} 24. Rxf8+ Kxf8) 24. Nc5 $18 (24. Rxe4 Bf5 $11) 24... Rxg2 25. Rf1+ (25. Rxe4 Rg8 $16) 25... Ke7 {[#]} 26. Rff8 $1 {[%mdl 1024] White has strong compensation.} e3 {And now ...Rg1+ would win.} 27. Rfe8+ (27. Rxc8 Rxc8 28. Rxc8 Rg1+ 29. Kc2 e2 $17) 27... Kf7 {White must now prevent ...Rg1+.} 28. Rf8+ (28. Rxc8 Rxc8 29. Rxc8 Rg1+ 30. Kc2 e2 $11) 28... Ke7 29. Rfe8+ ({Not} 29. Rxc8 Rxc8 30. Rxc8 Rg1+ 31. Kc2 e2 $17) 29... Kf7 {aiming for ...Rg1+.} 30. Rxe3 ({Stronger than} 30. Rxc8 Rxc8 31. Rxc8 Rg1+ 32. Kc2 e2 $11) 30... Rg1+ 31. Kd2 {Strongly threatening Ree8.} b6 $2 (31... Rd1+ {might work better.} 32. Kxd1 Bg4+ {[%mdl 64] Discovered Attack} 33. Kc2 Rxd8) 32. Nd7 Rg2+ 33. Kc3 Bb7 (33... Bxd7 $142 34. Rxa8 Bf5) 34. Ne5+ {White is clearly winning.} Kf6 35. Rd6+ {Played: Rd8-d7} 1-0

[Event "EYCC Open-U18 2019"]
[Site "Bratislava"]
[Date "2019.08.09"]
[Round "8.39"]
[White "Polczyk, Mikolaj"]
[Black "Mladek, Richard"]
[Result "1-0"]
[WhiteElo "2111"]
[BlackElo "2253"]
[Annotator "NA"]
[PlyCount "87"]
[EventDate "2019.08.02"]
[EventType "swiss"]
[EventCountry "SVK"]
[SourceTitle "playchess.com"]
[Source "ChessBase"]
[SourceQuality "1"]
[TimeControl "40/5400+30:1800+30"]

1. d4 {[%emt 0:00:00]} Nf6 {[%emt 0:00:00]} 2. c4 {[%emt 0:00:00]} g6 {[%emt 0:00:00]} 3. Nc3 {[%emt 0:00:02]} Bg7 {[%emt 0:00:01]} 4. Nf3 {[%emt 0:00:41]} O-O {[%emt 0:00:08]} 5. g3 {[%emt 0:00:13]} d6 {[%emt 0:00:07]} 6. Bg2 {[%emt 0:00:08]} Nbd7 {[%emt 0:00:13]} 7. O-O {[%emt 0:00:18]} e5 {[%emt 0:00:20]} 8. e4 {[%emt 0:00:09]} c6 {[%emt 0:00:15]} 9. Re1 {[%emt 0:03:05]} Qb6 {[%emt 0:02:44]} 10. Na4 {[%emt 0:39:18]} Qa6 {[%emt 0:07:28]} 11. Bf1 {[%emt 0:04:58]} exd4 {[%emt 0:01:36]} 12. Nxd4 {[%emt 0:06:01]} Qa5 {[%emt 0:02:06]} 13. Rb1 {[%emt 0:08:46]} Re8 {[%emt 0:02:27]} 14. b4 {[%emt 0:01:57]} Qc7 {[%emt 0:00:16]} 15. f3 {[%emt 0:02:12]} a5 {[%emt 0:03:03]} 16. b5 {[%emt 0:00:58]} Nc5 {[%emt 0:07:55]} 17. Nxc5 {[%emt 0:05:27]} dxc5 {[%emt 0:00:12]} 18. Bf4 {[%emt 0:00:39]} Qe7 {[%emt 0:00:47]} 19. Nc2 {[%emt 0:00:18]} Rd8 {[%emt 0:02:56]} 20. Qc1 {[%emt 0:01:23]} Nh5 {[%emt 0:05:46]} 21. Bg5 {[%emt 0:00:29]} Bf6 {[%emt 0:00:24]} 22. Be3 {[%emt 0:01:40]} Ng7 {[%emt 0:06:06]} 23. Qa3 {[%emt 0:04:33]} b6 {[%emt 0:02:31]} 24. bxc6 {[%emt 0:00:32]} Qc7 {[%emt 0:00:15]} 25. Bg2 {[%emt 0:02:17]} Qxc6 {[%emt 0:02:09]} 26. e5 {[%emt 0:01:31]} Bf5 {[%emt 0:02:51]} 27. exf6 {[%emt 0:04:32]} Bxc2 {[%emt 0:01:27]} 28. Rbc1 {[%emt 0:03:33]} Rd3 {[%emt 0:02:56]} 29. Qb2 {[%emt 0:00:05]} Nf5 {[%emt 0:00:14]} 30. Bf2 {[%emt 0:03:39]} Ba4 {[%emt 0:00:57]} 31. f4 {[%emt 0:00:43]} Qc8 {[%emt 0:00:09]} 32. Bxa8 {[%emt 0:01:51]} Qxa8 {[%emt 0:00:01]} 33. Qxb6 {[%emt 0:00:24]} h5 {[%emt 0:02:05]} 34. Rb1 {[%emt 0:01:24]} Qf3 {[%emt 0:00:22]} 35. Qb8+ {[%emt 0:00:33]} Kh7 {[%emt 0:00:02]} 36. Qf8 {[%emt 0:00:50]} Rd8 {[%emt 0:04:00]} 37. Qxf7+ {[%emt 0:00:04]} Kh6 {[%emt 0:00:20]} 38. Rb7 {[%emt 0:00:05]} Rh8 {[%emt 0:00:12]} 39. Qd5 {[%emt 0:00:13]} Qc3 {[%emt 0:01:08]} 40. f7 {[%emt 0:00:00]} Rc8 {[%emt 0:00:00]} 41. Qxc5 {[%emt 0:06:50]} Qh8 {[%emt 0:04:48]} 42. Qxf5 {[%emt 0:03:44]} gxf5 {[%emt 0:01:02]} 43. Re6+ {[%emt 0:00:04]} Kh7 {[%emt 0:00:32]} 44. f8=Q+ {[%emt 0:00:13]} 1-0

[Event "EYCC Open-U18 2019"]
[Site "Bratislava"]
[Date "2019.08.09"]
[Round "8.40"]
[White "Rodriguez Izquierdo, Luis"]
[Black "Kizatbay, Abyl"]
[Result "0-1"]
[WhiteElo "2007"]
[BlackElo "2216"]
[Annotator "NA"]
[PlyCount "74"]
[EventDate "2019.08.02"]
[EventType "swiss"]
[EventCountry "SVK"]
[SourceTitle "playchess.com"]
[Source "ChessBase"]
[SourceQuality "1"]
[TimeControl "40/5400+30:1800+30"]

1. e4 {[%emt 0:00:00]} c5 {[%emt 0:00:00]} 2. Nf3 {[%emt 0:00:00]} d6 {[%emt 0:00:00]} 3. d4 {[%emt 0:00:10]} cxd4 4. Nxd4 {[%emt 0:00:11]} Nf6 {[%emt 0:00:00]} 5. f3 {[%emt 0:00:19]} e5 {[%emt 0:03:32]} 6. Nb3 {[%emt 0:00:38]} d5 {[%emt 0:03:49]} 7. Bg5 {[%emt 0:01:39]} Be6 {[%emt 0:05:06]} 8. Bxf6 {[%emt 0:02:02]} gxf6 {[%emt 0:01:18]} 9. exd5 {[%emt 0:00:04]} Qxd5 {[%emt 0:06:25]} 10. Qxd5 {[%emt 0:00:52]} Bxd5 {[%emt 0:00:02]} 11. Nc3 {[%emt 0:00:19]} Be6 {[%emt 0:10:04]} 12. Nb5 {[%emt 0:07:50]} Na6 {[%emt 0:09:29]} 13. c3 {[%emt 0:00:40]} Ke7 {[%emt 0:02:25]} 14. Rd1 {[%emt 0:04:12]} Bh6 {[%emt 0:05:24]} 15. Nd6 {[%emt 0:02:05]} Rab8 {[%emt 0:02:44]} 16. Na5 {[%emt 0:05:35]} Nc5 {[%emt 0:09:23]} 17. b4 {[%emt 0:20:07]} Na4 {[%emt 0:01:06]} 18. Ndxb7 {[%emt 0:00:49]} Rhc8 {[%emt 0:02:01]} 19. Ra1 {[%emt 0:15:30]} Nxc3 {[%emt 0:05:53]} 20. a3 {[%emt 0:01:03]} Be3 {[%emt 0:03:08]} 21. h4 {[%emt 0:07:58]} Bd5 {[%emt 0:04:55]} 22. Ba6 {[%emt 0:00:05]} Rc7 {[%emt 0:01:01]} 23. h5 {[%emt 0:00:07]} Bxb7 {[%emt 0:02:43]} 24. Bxb7 {[%emt 0:00:06]} Rbxb7 {[%emt 0:00:09]} 25. Nxb7 {[%emt 0:00:05]} Rxb7 {[%emt 0:00:04]} 26. Rh4 {[%emt 0:00:05]} Rc7 {[%emt 0:02:07]} 27. a4 {[%emt 0:04:43]} f5 {[%emt 0:01:13]} 28. b5 {[%emt 0:01:51]} f4 {[%emt 0:01:18]} 29. Rg4 {[%emt 0:00:35]} Rd7 {[%emt 0:03:48]} 30. Rg7 {[%emt 0:02:50]} h6 {[%emt 0:00:14]} 31. Rh7 {[%emt 0:00:08]} Rd2 {[%emt 0:00:56]} 32. Rg7 {[%emt 0:01:05]} e4 {[%emt 0:04:11]} 33. fxe4 {[%emt 0:01:09]} f3 {[%emt 0:03:11]} 34. gxf3 {[%emt 0:00:04]} Rh2 {[%emt 0:00:03]} 35. Rg1 {[%emt 0:00:06]} Bxg1 {[%emt 0:00:31]} 36. Ra3 {[%emt 0:00:05]} Bd4 {[%emt 0:02:30]} 37. Kf1 {[%emt 0:00:04]} Ke6 {[%emt 0:02:53]} 0-1

[Event "EYCC Open-U18 2019"]
[Site "Bratislava"]
[Date "2019.08.09"]
[Round "8.41"]
[White "Cordeiro, Joao Carlos Santos F"]
[Black "Stijve, Theo"]
[Result "0-1"]
[WhiteElo "1924"]
[BlackElo "2336"]
[Annotator "NA"]
[PlyCount "94"]
[EventDate "2019.08.02"]
[EventType "swiss"]
[EventCountry "SVK"]
[SourceTitle "playchess.com"]
[Source "ChessBase"]
[SourceQuality "1"]
[TimeControl "40/5400+30:1800+30"]

1. e4 {[%emt 0:00:00]} c5 {[%emt 0:00:03]} 2. Nf3 {[%emt 0:00:05]} Nc6 {[%emt 0:00:20]} 3. d4 {[%emt 0:00:25]} cxd4 4. Nxd4 {[%emt 0:00:06]} Qc7 {[%emt 0:00:14]} 5. Nc3 {[%emt 0:00:54]} e6 {[%emt 0:00:07]} 6. Be2 {[%emt 0:02:08]} a6 {[%emt 0:00:08]} 7. O-O {[%emt 0:01:29]} Nf6 {[%emt 0:00:08]} 8. Be3 {[%emt 0:01:11]} Bb4 {[%emt 0:00:08]} 9. Na4 {[%emt 0:10:11]} O-O {[%emt 0:02:44]} 10. Nxc6 {[%emt 0:01:16]} bxc6 {[%emt 0:00:08]} 11. Nb6 {[%emt 0:01:00]} Rb8 {[%emt 0:00:06]} 12. Nxc8 {[%emt 0:00:10]} Rfxc8 {[%emt 0:00:06]} 13. Bxa6 {[%emt 0:13:06]} Rf8 {[%emt 0:00:13]} 14. Bd3 {[%emt 0:04:44]} Bd6 {[%emt 0:01:49]} 15. g3 {[%emt 0:08:52]} Be5 {[%emt 0:01:48]} 16. Rb1 {[%emt 0:18:08]} Bxb2 {[%emt 0:03:22]} 17. Bf4 {[%emt 0:02:21]} Be5 {[%emt 0:04:21]} 18. Bxe5 {[%emt 0:02:06]} Qxe5 {[%emt 0:00:09]} 19. Rxb8 {[%emt 0:11:29]} Rxb8 {[%emt 0:02:36]} 20. Qa1 {[%emt 0:01:45]} Qc5 {[%emt 0:05:59]} 21. Rb1 {[%emt 0:02:28]} Rf8 {[%emt 0:04:01]} 22. h3 {[%emt 0:02:42]} h5 {[%emt 0:02:30]} 23. Kg2 {[%emt 0:03:31]} h4 {[%emt 0:07:31]} 24. Qb2 {[%emt 0:00:58]} hxg3 {[%emt 0:06:06]} 25. fxg3 {[%emt 0:00:19]} Qe3 {[%emt 0:00:45]} 26. Qc1 {[%emt 0:01:52]} Qa7 {[%emt 0:03:36]} 27. Qg5 {[%emt 0:07:22]} Qd4 {[%emt 0:06:44]} 28. Qf4 {[%emt 0:01:16]} e5 {[%emt 0:02:52]} 29. Qf2 {[%emt 0:01:00]} Qa4 {[%emt 0:00:26]} 30. Qe3 {[%emt 0:00:54]} Qxa2 {[%emt 0:02:21]} 31. Rf1 {[%emt 0:00:03]} Re8 {[%emt 0:05:05]} 32. Qg5 {[%emt 0:00:20]} Qe6 {[%emt 0:01:18]} 33. g4 {[%emt 0:01:13]} d5 {[%emt 0:01:16]} 34. Qe3 {[%emt 0:00:43]} Ra8 {[%emt 0:11:29]} 35. Re1 {[%emt 0:00:46]} Ra4 {[%emt 0:02:37]} 36. Qf3 {[%emt 0:00:30]} dxe4 {[%emt 0:02:09]} 37. Bxe4 {[%emt 0:00:11]} Nxe4 {[%emt 0:00:20]} 38. Rxe4 {[%emt 0:00:07]} Rxe4 {[%emt 0:00:08]} 39. Qxe4 {[%emt 0:00:04]} Qd5 {[%emt 0:00:07]} 40. Kf3 {[%emt 0:00:00]} f6 {[%emt 0:00:00]} 41. Ke3 {[%emt 0:02:48]} Qxe4+ {[%emt 0:02:05]} 42. Kxe4 {[%emt 0:00:03]} Kf7 {[%emt 0:00:07]} 43. h4 {[%emt 0:00:33]} g6 {[%emt 0:00:26]} 44. c4 {[%emt 0:01:34]} Ke6 {[%emt 0:00:10]} 45. g5 {[%emt 0:00:26]} f5+ {[%emt 0:00:36]} 46. Ke3 {[%emt 0:00:10]} f4+ {[%emt 0:00:23]} 47. Ke4 {[%emt 0:00:07]} c5 {[%emt 0:00:04]} 0-1

[Event "EYCC Open-U18 2019"]
[Site "Bratislava"]
[Date "2019.08.09"]
[Round "8.42"]
[White "Halfhide, Sebastian"]
[Black "Joensson, Jacob"]
[Result "1-0"]
[WhiteElo "2286"]
[BlackElo "1981"]
[Annotator "NA"]
[PlyCount "49"]
[EventDate "2019.08.02"]
[EventType "swiss"]
[EventCountry "SVK"]
[SourceTitle "playchess.com"]
[Source "ChessBase"]
[SourceQuality "1"]
[TimeControl "40/5400+30:1800+30"]

1. e4 {[%emt 0:00:00]} e6 {[%emt 0:00:00]} 2. d4 {[%emt 0:00:00]} d5 {[%emt 0:00:00]} 3. Nd2 {[%emt 0:02:22]} Nf6 {[%emt 0:00:00]} 4. e5 {[%emt 0:00:18]} Nfd7 {[%emt 0:00:00]} 5. Bd3 {[%emt 0:01:32]} c5 {[%emt 0:00:04]} 6. c3 {[%emt 0:00:04]} Nc6 {[%emt 0:00:07]} 7. Ngf3 {[%emt 0:00:34]} Qb6 {[%emt 0:12:29]} 8. O-O {[%emt 0:03:08]} cxd4 {[%emt 0:08:03]} 9. cxd4 {[%emt 0:00:09]} Nxd4 {[%emt 0:00:42]} 10. Nxd4 {[%emt 0:00:47]} Qxd4 {[%emt 0:00:06]} 11. Nf3 {[%emt 0:00:42]} Qb6 {[%emt 0:01:14]} 12. Qa4 {[%emt 0:01:37]} Qb4 {[%emt 0:07:32]} 13. Qc2 {[%emt 0:02:41]} Nb6 {[%emt 0:11:35]} 14. a3 {[%emt 0:13:10]} Qc5 {[%emt 0:05:38]} 15. Qe2 {[%emt 0:01:40]} Bd7 {[%emt 0:06:11]} 16. Bg5 {[%emt 0:13:10]} Qc7 {[%emt 0:12:04]} 17. Rac1 {[%emt 0:00:41]} Bc6 {[%emt 0:00:25]} 18. Nd4 {[%emt 0:03:07]} Be7 {[%emt 0:05:26]} 19. Nb5 {[%emt 0:13:40]} Qd7 {[%emt 0:01:17]} 20. Bxe7 {[%emt 0:00:43]} Kxe7 {[%emt 0:00:10]} 21. Qg4 {[%emt 0:10:54]} Kf8 {[%emt 0:04:45]} 22. Nxa7 {[%emt 0:01:13]} Nc8 {[%emt 0:03:13]} 23. Nxc8 {[%emt 0:01:23]} Rxc8 {[%emt 0:00:10]} 24. b4 {[%emt 0:01:23]} Ra8 {[%emt 0:02:28]} 25. b5 {[%emt 0:01:50]} 1-0

[Event "EYCC Open-U18 2019"]
[Site "Bratislava"]
[Date "2019.08.09"]
[Round "8.43"]
[White "Gray, Euan"]
[Black "Ghersinich, Enrico"]
[Result "1-0"]
[WhiteElo "2004"]
[BlackElo "2221"]
[Annotator "NA"]
[PlyCount "149"]
[EventDate "2019.08.02"]
[EventType "swiss"]
[EventCountry "SVK"]
[SourceTitle "playchess.com"]
[Source "ChessBase"]
[SourceQuality "1"]
[TimeControl "40/5400+30:1800+30"]

1. d4 {[%emt 0:00:00]} Nf6 {[%emt 0:00:00]} 2. c4 {[%emt 0:00:00]} c5 {[%emt 0:00:16]} 3. d5 {[%emt 0:00:00]} b5 {[%emt 0:00:05]} 4. cxb5 {[%emt 0:00:03]} a6 {[%emt 0:00:30]} 5. bxa6 {[%emt 0:00:24]} g6 {[%emt 0:00:11]} 6. Nc3 {[%emt 0:00:46]} Bg7 {[%emt 0:00:46]} 7. Nf3 {[%emt 0:00:17]} O-O {[%emt 0:00:11]} 8. a7 {[%emt 0:01:24]} Rxa7 {[%emt 0:01:07]} 9. e4 {[%emt 0:00:35]} e6 {[%emt 0:02:27]} 10. Be2 {[%emt 0:01:14]} exd5 {[%emt 0:00:25]} 11. exd5 {[%emt 0:00:06]} d6 {[%emt 0:00:16]} 12. O-O {[%emt 0:00:40]} Na6 {[%emt 0:01:55]} 13. Bf4 {[%emt 0:06:24]} Nc7 {[%emt 0:00:28]} 14. Bc4 {[%emt 0:05:22]} Ba6 {[%emt 0:04:42]} 15. Bxa6 {[%emt 0:04:27]} Rxa6 {[%emt 0:00:09]} 16. Qd2 {[%emt 0:07:10]} Qa8 {[%emt 0:04:25]} 17. Rfd1 {[%emt 0:03:27]} Rb8 {[%emt 0:00:51]} 18. h3 {[%emt 0:08:09]} Rxb2 {[%emt 0:10:10]} 19. Qxb2 {[%emt 0:09:34]} Ne4 {[%emt 0:00:31]} 20. Rac1 {[%emt 0:04:07]} Nxd5 {[%emt 0:01:31]} 21. Rxd5 {[%emt 0:03:01]} Nxc3 {[%emt 0:04:21]} 22. Rxc3 {[%emt 0:04:47]} Qxd5 {[%emt 0:00:54]} 23. Qb8+ {[%emt 0:02:27]} Bf8 {[%emt 0:00:07]} 24. Rd3 {[%emt 0:00:36]} Qxa2 {[%emt 0:05:52]} 25. Bxd6 {[%emt 0:01:47]} Ra8 {[%emt 0:00:26]} 26. Qb7 {[%emt 0:00:07]} c4 {[%emt 0:04:16]} 27. Rd1 {[%emt 0:03:04]} Qa4 {[%emt 0:19:47]} 28. Qd5 {[%emt 0:08:23]} Ra5 {[%emt 0:11:16]} 29. Qd4 {[%emt 0:00:20]} Bg7 {[%emt 0:00:05]} 30. Qd2 {[%emt 0:10:13]} c3 {[%emt 0:01:24]} 31. Qc1 {[%emt 0:00:35]} Bh6 {[%emt 0:03:37]} 32. Qb1 {[%emt 0:01:47]} Rb5 {[%emt 0:00:09]} 33. Qa1 {[%emt 0:00:11]} Qxa1 {[%emt 0:02:43]} 34. Rxa1 {[%emt 0:00:01]} Kg7 {[%emt 0:03:23]} 35. Be5+ {[%emt 0:00:24]} Kf8 {[%emt 0:02:26]} 36. Bxc3 {[%emt 0:00:18]} Rb7 {[%emt 0:00:04]} 37. Bd4 {[%emt 0:00:27]} Bf4 {[%emt 0:00:28]} 38. Ra8+ {[%emt 0:00:11]} Ke7 {[%emt 0:00:06]} 39. Ra7 {[%emt 0:00:05]} Rxa7 {[%emt 0:00:17]} 40. Bxa7 {[%emt 0:00:00]} h5 {[%emt 0:00:00]} 41. g3 {[%emt 0:00:14]} Bd6 {[%emt 0:01:17]} 42. Kf1 {[%emt 0:00:48]} Ba3 {[%emt 0:03:42]} 43. Ke2 {[%emt 0:00:21]} Ke6 {[%emt 0:00:07]} 44. Kd3 {[%emt 0:00:41]} Kd5 {[%emt 0:05:35]} 45. Be3 {[%emt 0:02:50]} Be7 {[%emt 0:02:36]} 46. Bd4 {[%emt 0:02:32]} Bd8 {[%emt 0:01:59]} 47. Nd2 {[%emt 0:02:09]} Ba5 {[%emt 0:03:17]} 48. Ne4 {[%emt 0:01:08]} Bd8 {[%emt 0:00:52]} 49. Nc3+ {[%emt 0:01:37]} Ke6 {[%emt 0:00:15]} 50. Ke4 {[%emt 0:01:21]} f5+ {[%emt 0:01:18]} 51. Kf3 {[%emt 0:00:17]} g5 {[%emt 0:00:35]} 52. g4 {[%emt 0:01:18]} fxg4+ {[%emt 0:01:09]} 53. hxg4 {[%emt 0:00:06]} hxg4+ {[%emt 0:00:03]} 54. Kxg4 {[%emt 0:00:11]} Be7 {[%emt 0:00:04]} 55. f3 {[%emt 0:00:18]} Bd8 {[%emt 0:00:20]} 56. Ne4 {[%emt 0:00:12]} Bc7 {[%emt 0:01:04]} 57. Nxg5+ {[%emt 0:00:23]} Ke7 {[%emt 0:00:25]} 58. Kf5 {[%emt 0:00:29]} Ba5 {[%emt 0:00:22]} 59. Ne4 {[%emt 0:00:21]} Bc7 {[%emt 0:00:49]} 60. Be5 {[%emt 0:00:26]} Bb6 {[%emt 0:00:02]} 61. Nc3 {[%emt 0:00:22]} Kf7 {[%emt 0:00:09]} 62. Nd5 {[%emt 0:00:15]} Bf2 {[%emt 0:01:06]} 63. Ke4 {[%emt 0:01:37]} Be1 {[%emt 0:02:27]} 64. f4 {[%emt 0:00:01]} Bd2 {[%emt 0:00:14]} 65. f5 {[%emt 0:00:07]} Bc1 {[%emt 0:00:08]} 66. Bf4 {[%emt 0:00:44]} Bb2 {[%emt 0:00:26]} 67. Ne3 {[%emt 0:00:30]} Bc3 {[%emt 0:01:43]} 68. Ng2 {[%emt 0:00:23]} Ba5 {[%emt 0:00:41]} 69. Nh4 {[%emt 0:00:18]} Be1 {[%emt 0:00:43]} 70. Nf3 {[%emt 0:00:04]} Bb4 {[%emt 0:00:05]} 71. Bg5 {[%emt 0:00:28]} Ba5 {[%emt 0:01:52]} 72. Ne5+ {[%emt 0:00:05]} Kf8 {[%emt 0:00:16]} 73. f6 {[%emt 0:00:20]} Bb4 {[%emt 0:00:37]} 74. Kf5 {[%emt 0:00:55]} Ke8 {[%emt 0:01:59]} 75. f7+ {[%emt 0:14:21] Kd8 Ke4+ Kd7} 1-0

[Event "EYCC Open-U18 2019"]
[Site "Bratislava"]
[Date "2019.08.09"]
[Round "8.44"]
[White "Pobor, Danilo"]
[Black "Johannsson, Birkir Isak"]
[Result "0-1"]
[WhiteElo "1996"]
[BlackElo "1988"]
[Annotator "NA"]
[PlyCount "70"]
[EventDate "2019.08.02"]
[EventType "swiss"]
[EventCountry "SVK"]
[SourceTitle "playchess.com"]
[Source "ChessBase"]
[SourceQuality "1"]
[TimeControl "40/5400+30:1800+30"]

1. d4 {[%emt 0:00:00]} d5 {[%emt 0:00:00]} 2. Nf3 {[%emt 0:00:00]} Nf6 {[%emt 0:00:00]} 3. c4 {[%emt 0:00:00]} c6 {[%emt 0:00:00]} 4. Nc3 {[%emt 0:00:00]} e6 {[%emt 0:00:00]} 5. Bf4 {[%emt 0:00:00]} dxc4 {[%emt 0:01:32]} 6. e3 {[%emt 0:05:45]} b5 {[%emt 0:03:34]} 7. a4 {[%emt 0:02:28]} Bb4 {[%emt 0:00:45]} 8. axb5 {[%emt 0:06:03]} cxb5 {[%emt 0:00:27]} 9. Bxb8 {[%emt 0:00:16]} Rxb8 {[%emt 0:00:01]} 10. Rxa7 {[%emt 0:00:16]} Qb6 {[%emt 0:04:44]} 11. Ra1 {[%emt 0:00:42]} Bb7 {[%emt 0:01:46]} 12. Be2 {[%emt 0:00:43]} O-O {[%emt 0:01:18]} 13. O-O {[%emt 0:00:18]} Rfc8 {[%emt 0:05:44]} 14. Ne5 {[%emt 0:06:22]} Bd6 {[%emt 0:10:32]} 15. Bf3 {[%emt 0:09:01]} Bxf3 {[%emt 0:03:33]} 16. Qxf3 {[%emt 0:01:04]} Qc7 {[%emt 0:06:38]} 17. Qg3 {[%emt 0:05:59]} b4 {[%emt 0:00:32]} 18. Ne2 {[%emt 0:06:36]} Ne4 {[%emt 0:03:53]} 19. Qg4 {[%emt 0:06:01]} Nd2 {[%emt 0:09:53]} 20. Rfd1 {[%emt 0:01:44]} Nb3 {[%emt 0:00:19]} 21. Ra6 {[%emt 0:00:54]} Bxe5 {[%emt 0:02:19]} 22. dxe5 {[%emt 0:00:03]} c3 {[%emt 0:02:04]} 23. bxc3 {[%emt 0:07:00]} bxc3 {[%emt 0:00:11]} 24. Rad6 {[%emt 0:09:13]} c2 {[%emt 0:01:08]} 25. R1d3 {[%emt 0:00:14]} c1=Q+ {[%emt 0:02:45]} 26. Nxc1 {[%emt 0:00:16]} Qxc1+ {[%emt 0:01:32]} 27. Rd1 {[%emt 0:00:08]} Qc2 {[%emt 0:02:20]} 28. Rd7 {[%emt 0:03:00]} Qg6 {[%emt 0:01:00]} 29. Qb4 {[%emt 0:00:30]} h6 {[%emt 0:00:38]} 30. Qe7 {[%emt 0:00:16]} Re8 {[%emt 0:00:44]} 31. Qa3 {[%emt 0:00:26]} Qc2 {[%emt 0:02:31]} 32. h3 {[%emt 0:00:55]} Qc5 {[%emt 0:01:25]} 33. Qa4 {[%emt 0:00:37]} Qxe5 {[%emt 0:01:12]} 34. Qa7 {[%emt 0:00:30]} Qf5 {[%emt 0:03:00]} 35. g4 {[%emt 0:00:23]} Qf3 {[%emt 0:02:56]} 0-1

[Event "EYCC Open-U18 2019"]
[Site "Bratislava"]
[Date "2019.08.09"]
[Round "8.45"]
[White "Durica, Adam"]
[Black "Sousa, Hugo Carneiro"]
[Result "1-0"]
[WhiteElo "1958"]
[BlackElo "2130"]
[Annotator "NA"]
[PlyCount "85"]
[EventDate "2019.08.02"]
[EventType "swiss"]
[EventCountry "SVK"]
[SourceTitle "playchess.com"]
[Source "ChessBase"]
[SourceQuality "1"]
[TimeControl "40/5400+30:1800+30"]

1. Nf3 {[%emt 0:00:00]} Nf6 {[%emt 0:00:00]} 2. b3 {[%emt 0:00:00]} e6 {[%emt 0:00:00]} 3. Bb2 {[%emt 0:00:00]} d5 {[%emt 0:00:03]} 4. c4 {[%emt 0:00:00]} Be7 {[%emt 0:00:13]} 5. e3 {[%emt 0:00:29]} O-O {[%emt 0:00:30]} 6. g3 {[%emt 0:00:20]} c5 {[%emt 0:00:48]} 7. Bg2 {[%emt 0:00:58]} Nc6 {[%emt 0:00:11]} 8. cxd5 {[%emt 0:00:34]} Nxd5 {[%emt 0:01:19]} 9. O-O {[%emt 0:00:23]} Bf6 {[%emt 0:04:09]} 10. d4 {[%emt 0:01:43]} cxd4 {[%emt 0:06:30]} 11. exd4 {[%emt 0:01:45]} Qb6 {[%emt 0:03:19]} 12. Na3 {[%emt 0:00:40]} a5 {[%emt 0:02:24]} 13. Nc4 {[%emt 0:02:16]} Qa7 {[%emt 0:02:17]} 14. Nfe5 {[%emt 0:03:11]} Rd8 {[%emt 0:05:18]} 15. Qh5 {[%emt 0:03:09]} g6 {[%emt 0:09:01]} 16. Qg4 {[%emt 0:00:18]} Nce7 {[%emt 0:09:38]} 17. h4 {[%emt 0:09:56]} h5 {[%emt 0:08:38]} 18. Qf3 {[%emt 0:01:41]} Kg7 {[%emt 0:03:39]} 19. Rad1 {[%emt 0:03:13]} Nf5 {[%emt 0:09:30]} 20. Ne3 {[%emt 0:03:12]} Ndxe3 {[%emt 0:06:54]} 21. fxe3 {[%emt 0:00:09]} Bxe5 {[%emt 0:03:39]} 22. dxe5 {[%emt 0:00:09]} Rxd1 {[%emt 0:01:39]} 23. Rxd1 {[%emt 0:00:02]} Qxe3+ {[%emt 0:00:17]} 24. Kh2 {[%emt 0:00:02]} a4 {[%emt 0:05:13]} 25. b4 {[%emt 0:07:59]} a3 {[%emt 0:02:55]} 26. Bc3 {[%emt 0:00:09]} b5 {[%emt 0:03:08]} 27. Rd8 {[%emt 0:05:44]} Rb8 {[%emt 0:03:20]} 28. Bd2 {[%emt 0:00:04]} Qxf3 {[%emt 0:03:04]} 29. Bxf3 {[%emt 0:00:10]} Ne7 {[%emt 0:04:12]} 30. Bg5 {[%emt 0:00:35]} Ng8 {[%emt 0:00:12]} 31. Bc6 {[%emt 0:00:58]} Bb7 {[%emt 0:01:09]} 32. Rxb8 {[%emt 0:00:16]} Bxc6 {[%emt 0:00:06]} 33. Bc1 {[%emt 0:01:14]} Bd5 {[%emt 0:00:37]} 34. Rxb5 {[%emt 0:00:15]} f6 {[%emt 0:00:43]} 35. exf6+ {[%emt 0:01:10]} Kxf6 {[%emt 0:00:38]} 36. Bxa3 {[%emt 0:00:05]} Bxa2 {[%emt 0:00:10]} 37. Bb2+ {[%emt 0:00:12]} Ke7 {[%emt 0:00:14]} 38. Rb7+ {[%emt 0:00:10]} Kd6 {[%emt 0:00:09]} 39. b5 {[%emt 0:01:02]} Nh6 {[%emt 0:00:30]} 40. Ba3+ {[%emt 0:00:00]} Ke5 {[%emt 0:00:00]} 41. b6 {[%emt 0:01:58]} Ng4+ {[%emt 0:00:46]} 42. Kg1 {[%emt 0:00:08]} Bd5 {[%emt 0:01:10]} 43. Rd7 {[%emt 0:00:12]} 1-0